|
|
|
|
| LEADER |
02451nam a2200601 a 4500 |
| 001 |
nkc20061655989 |
| 003 |
CZ PrNK |
| 005 |
20110620115642.0 |
| 007 |
ta |
| 008 |
060522s2005 xr f 100 0 cze |
| 015 |
|
|
|a cnb001655989
|
| 020 |
|
|
|a 80-86879-02-X
|q (brož.) :
|c Kč 95,00
|
| 035 |
|
|
|a (OCoLC)85549510
|
| 040 |
|
|
|a OLA001
|b cze
|d ABA001
|
| 041 |
0 |
|
|a cze
|a slo
|
| 043 |
|
|
|a e-xr---
|a e-xo---
|
| 072 |
|
7 |
|a 327
|x Mezinárodní vztahy, světová politika
|2 Konspekt
|9 15
|
| 080 |
|
|
|a 327
|2 MRF
|
| 080 |
|
|
|a 328/329
|2 MRF
|
| 080 |
|
|
|a (=162.3):(=162.4)
|2 MRF
|
| 080 |
|
|
|a (437.3)
|2 MRF
|
| 080 |
|
|
|a (437.6)
|2 MRF
|
| 080 |
|
|
|a (062.534)
|2 MRF
|
| 111 |
2 |
|
|a Slovensko-české vztahy po roce 1993
|d (2005 :
|c Kolín, Česko)
|7 olak2006333101
|
| 245 |
1 |
0 |
|a Slovensko-české vztahy po roce 1993 :
|b sborník z mezinárodní konference ARC - VŠPSV, 8.12.2005 /
|c Petra Hirtlová, Vladimír Srb (eds.)
|
| 250 |
|
|
|a Vyd. 1.
|
| 260 |
|
|
|a Kolín :
|b Nezávislé centrum pro studium politiky, Academia Rerum Civilium - Vysoká škola politických a společenských věd,
|c 2005
|
| 300 |
|
|
|a 75 s. ;
|c 21 cm
|
| 490 |
1 |
|
|a Sborníky
|
| 504 |
|
|
|a Obsahuje bibliografické odkazy
|
| 546 |
|
|
|a Část. slovenský text
|
| 648 |
|
4 |
|a 1993-2005
|
| 650 |
0 |
7 |
|a Češi a Slováci
|7 ph136917
|2 czenas
|
| 650 |
0 |
9 |
|a Czechs and Slovaks
|2 eczenas
|
| 655 |
|
7 |
|a sborníky konferencí
|7 fd133333
|2 czenas
|
| 655 |
|
9 |
|a proceedings of conferences
|2 eczenas
|
| 651 |
|
7 |
|a Slovensko
|7 ge128580
|x politika a vláda
|y od 1993
|2 czenas
|
| 651 |
|
7 |
|a Slovensko
|7 ge128580
|x zahraniční vztahy
|y od 1993
|2 czenas
|
| 651 |
|
7 |
|a Česko
|7 ge128065
|x politika a vláda
|y od 1993
|2 czenas
|
| 651 |
|
7 |
|a Česko
|7 ge128065
|x zahraniční vztahy
|y od 1993
|2 czenas
|
| 651 |
|
9 |
|a Czechia
|x foreign relations
|y 1993-
|2 eczenas
|
| 651 |
|
9 |
|a Czechia
|x politics and government
|y 1993-
|2 eczenas
|
| 651 |
|
9 |
|a Slovakia
|x foreign relations
|y 1993-
|2 eczenas
|
| 651 |
|
9 |
|a Slovakia
|x politics and government
|y 1993-
|2 eczenas
|
| 700 |
1 |
|
|a Hirtlová, Petra,
|d 1978-
|7 mzk2006342960
|4 edt
|
| 700 |
1 |
|
|a Srb, Vladimír,
|d 1974-
|7 js20040426007
|4 edt
|
| 810 |
2 |
|
|a Vysoká škola politických a společenských věd.
|t Sborníky
|0 s
|
| 910 |
2 |
|
|a BOA001
|b 2-1164.854
|
| 928 |
9 |
|
|a Nezávislé centrum pro studium politiky
|
| 990 |
|
|
|a BK
|
| 995 |
|
|
|a 01
|
| 991 |
|
|
|b 200607
|c NOV
|
| 996 |
6 |
|
|b 2610283280
|c 2-1164.854
|l MZK
|r Sklad / do 1 hodiny
|n 5
|p p.v.
|w 000817629
|u 000010
|a 1
|e BOA001
|j MZK50
|s P
|